| 000 | 00397nam a22001457a 4500 | ||
|---|---|---|---|
| 003 | SGT | ||
| 082 |
_a617.84 _bC23K |
||
| 100 | _aKUMARI, ROSHNI | ||
| 245 | _aCOMPARISION OF PELVIC PNF AND LOWER LIMB STRENGTHENING PROTOCOL FOR PREVENTION OF FALL ON POST MENOPAUSAL WOMEN | ||
| 260 |
_aGURUGRAM _bSGT UNIVERSITY _c2023 |
||
| 300 | _a69 | ||
| 650 | _aNEUROLOGY | ||
| 653 | _aMPT | ||
| 942 |
_2ddc _cTH |
||
| 999 |
_c32178 _d32178 |
||